Méthodes numériques en mathématiques appliquées : [compte rendu des exposés faits à la quatorzième session du Séminaire de mathématiques supérieures du Département de mathématiques de l'Université de Montréal, tenue du 16 juin au 11 juillet 1975] : textes des exposés /

Guardado en:
Otros Autores: Auchmuty, J. F. Giles.
Formato: Libro
Idioma:French
English
Publicado: Montréal : Les Presses de l'Université de Montréal, 1977.
Series:Séminaire de mathématiques supérieures ; 60
Materias:
Etiquetas: Agregar Etiqueta
Sin Etiquetas, Sea el primero en etiquetar este registro!
LEADER 01851cam a22002534a 4500
001 MAT.inmabb005871
008 780626s1977####quca#####b####000#0#fre##
005 20160602160652.0
245 0 0 |a Méthodes numériques en mathématiques appliquées :  |b [compte rendu des exposés faits à la quatorzième session du Séminaire de mathématiques supérieures du Département de mathématiques de l'Université de Montréal, tenue du 16 juin au 11 juillet 1975] : textes des exposés /  |c de J. F. G. Auchmuty ... [et al.]. 
260 |a Montréal :  |b Les Presses de l'Université de Montréal,  |c 1977. 
300 |a 206 p. :  |b il. ;  |c 28 cm. 
440 0 |a Séminaire de mathématiques supérieures ;  |v 60 
500 |a French or English. 
504 |a Incluye referencias bibliográficas. 
510 4 |a MR,  |c 56 #1651 
505 0 |a J. F. Giles Auchmuty, Numerical calculations of rotating stars -- Michel Crouzeix, La stabilité des méthodes à un pas appliquées aux équations paraboliques -- Michel Crouzeix, Équations paraboliques et méthodes de Runge-Kutta -- Pierre Jamet, Estimation de l'erreur d'interpolation dans un domaine variable et application aux éléments finis quadrilatéraux dégénéres -- Pierre Jamet, Éléments finis espace-temps pour la résolution numérique de problèmes de frontières libres -- Colette Lebaud, Sur la convergence et la stabilité de l'algorithme $QR$ -- Pierre Lesaint, Résolution numérique de l'équation de transport en géométrie sphérique $(r, mu)$ -- Bertrand Mercier, Sur un algorithme de pénalisation dualité. Application à un problème d'élasto-plasticité. 
020 |a 084050361X 
700 1 |a Auchmuty, J. F. Giles. 
650 0 |a Numerical analysis. 
084 |a 65-06  |2 msc2000 
010 |a  78351461  
040 |a DLC  |c DLC  |d DLC 
041 0 |a fre  |a eng 
859 |h 65  |i M592  |p A-4467  |b BIB. MATEMATICA